Atlas Nacional de México (Registro nro. 437069)
[ vista simple ]
| 000 -LÍDER | |
|---|---|
| Campo fijo de descripción fija | 00511nem a22001697a 4500 |
| 003 - IDENTIFICADOR DEL NÚMERO DE CONTROL | |
| Campo de control | BCEG |
| 005 - FECHA Y HORA DE LA ULTIMA TRANSACCIÓN | |
| control field | 20260129145937.0 |
| 008 - ELEMENTOS DE LONGITUD FIJA -- INFORMACIÓN GENERAL | |
| Campo fijo de descripción fija -- Información general | 260129r1990 mx ||||| |b|||||||0 spa|d |
| 020 ## - ISBN | |
| Isbn | 9683615864 (Obra completa) |
| 040 ## - FUENTE DE CATALOGACIÓN | |
| Agencia de catalogación original | BCEG |
| Idioma de catalogación | spa |
| Agencia que realiza la transcripción | BCEG |
| 245 00 - TÍTULO PROPIAMENTE DICHO | |
| Título | Atlas Nacional de México |
| Designación General del Material | [Mapa]. |
| 250 ## - MENCIÓN DE EDICIÓN | |
| Mención de edición | Escalas varian. |
| 260 ## - PUBLICACIÓN, DISTRIBUCIÓN, ETC. (PIE DE IMPRENTA) | |
| Lugar de publicación, distribución, etc. | México : |
| Nombre del editor, distribuidor, etc. | Universidad Nacional Autónoma de México, Instituto de Geografía, |
| Fecha de publicación, distribución, etc. | 1990. |
| 300 ## - DESCRIPCIÓN FÍSICA | |
| Extensión | 1 atlas (3 v.) : |
| Otros detalles físicos | il., col. |
| 650 ## - ASIENTO SECUNDARIO DE MATERIA - TERMINO TEMÁTICO | |
| Término temático o nombre geográfico como elemento de entrada | Atlas |
| Subdivisión geográfica | México. |
| 942 ## - TIPO DE MATERIAL (KOHA) | |
| Tipo de Item KOHA | Mapa |
| No para Préstamo | Colección | Biblioteca de Origen | Biblioteca Permanente | Fecha de Adquisición | Fuente de Adquisicion | Total de Préstamos | Signatura Topográfica | Código de Barras | Última vez visto | Ejemplar | Tipo de Material |
|---|---|---|---|---|---|---|---|---|---|---|---|
| Material en Reserva | Publicaciones Periódicas y Cartográficas | Biblioteca Central Estatal de Guanajuato, "Wigberto Jiménez Moreno" | Biblioteca Central Estatal de Guanajuato, "Wigberto Jiménez Moreno" | 29/01/2026 | DONAD-INEGI | A912.72 A881n | BCEG8655098015 | 29/01/2026 | v. 3 | Mapa | |
| Material en Reserva | Publicaciones Periódicas y Cartográficas | Biblioteca Central Estatal de Guanajuato, "Wigberto Jiménez Moreno" | Biblioteca Central Estatal de Guanajuato, "Wigberto Jiménez Moreno" | 29/01/2026 | A912.72 A881n | BCEG8655098016 | 29/01/2026 | v. 1 | Mapa | ||
| Material en Reserva | Publicaciones Periódicas y Cartográficas | Biblioteca Central Estatal de Guanajuato, "Wigberto Jiménez Moreno" | Biblioteca Central Estatal de Guanajuato, "Wigberto Jiménez Moreno" | 29/01/2026 | A912.72 A881n | BCEG8655098017 | 29/01/2026 | v. 1 ej. 2 | Mapa | ||
| Material en Reserva | Publicaciones Periódicas y Cartográficas | Biblioteca Central Estatal de Guanajuato, "Wigberto Jiménez Moreno" | Biblioteca Central Estatal de Guanajuato, "Wigberto Jiménez Moreno" | 29/01/2026 | A912.72 A881n | BCEG8655098013 | 29/01/2026 | v. 3 ej. 2 | Mapa | ||
| Material en Reserva | Publicaciones Periódicas y Cartográficas | Biblioteca Central Estatal de Guanajuato, "Wigberto Jiménez Moreno" | Biblioteca Central Estatal de Guanajuato, "Wigberto Jiménez Moreno" | 29/01/2026 | A912.72 A881n | BCEG8655098012 | 29/01/2026 | v. 3 ej. 3 | Mapa | ||
| Material en Reserva | Publicaciones Periódicas y Cartográficas | Biblioteca Central Estatal de Guanajuato, "Wigberto Jiménez Moreno" | Biblioteca Central Estatal de Guanajuato, "Wigberto Jiménez Moreno" | 29/01/2026 | A912.72 A881n | BCEG8655098014 | 29/01/2026 | v. 3 ej. 4 | Mapa |